[Event "AVRO it"]
[Site "Hilversum NED"]
[Date "1973.??.??"]
[Round "13"]
[White "Ivkov, Borislav"]
[Black "Szabo, Laszlo"]
[Result "1/2-1/2"]
[WhiteElo "2520"]
[BlackElo "2555"]
[EventDate "1973.06.12"]
[PlyCount "27"]

1.Nf3 Nf6 2.d4 c5 3.d5 g6 4.c4 Bg7 5.Nc3 d6 6.e4 O-O 7.Be2 e6 8.O-O Re8 9.
Nd2 Na6 10.Kh1 Nc7 11.f3 b6 12.a4 Rb8 13.Rb1 a6 14.Re1 1/2-1/2

[Event "AVRO it"]
[Site "Hilversum NED"]
[Date "1973.??.??"]
[Round "13"]
[White "Ljubojevic, Ljubomir"]
[Black "Timman, Jan"]
[Result "1-0"]
[WhiteElo "2550"]
[BlackElo "2480"]
[EventDate "1973.06.12"]
[PlyCount "81"]

1.e4 e6 2.d3 c5 3.Nf3 Nc6 4.g3 g6 5.Bg2 Bg7 6.O-O Nge7 7.c3 O-O 8.d4 cxd4 
9.cxd4 d5 10.e5 Nf5 11.Nc3 f6 12.Re1 fxe5 13.dxe5 Bd7 14.Bf4 h6 15.h4 Be8 
16.Qd2 Qb6 17.Rad1 Rd8 18.Na4 Qb5 19.b3 Kh7 20.Bf1 Qb4 21.Qxb4 Nxb4 22.Nc5
Bf7 23.a3 b6 24.axb4 bxc5 25.bxc5 Rb8 26.Rb1 a5 27.Bd2 Rfc8 28.Rec1 g5 29.
Bd3 g4 30.Nd4 Bg6 31.Nxf5 Bxf5 32.Bxf5+ exf5 33.Bxa5 Bxe5 34.b4 Rb5 35.Rd1
d4 36.Kf1 Re8 37.Re1 Re7 38.Rbd1 Kg6 39.Rxd4 Bxd4 40.Rxe7 Kf6 41.Bd8 1-0

[Event "AVRO it"]
[Site "Hilversum NED"]
[Date "1973.??.??"]
[Round "14"]
[White "Polugaevsky, Lev"]
[Black "Ljubojevic, Ljubomir"]
[Result "1/2-1/2"]
[WhiteElo "2645"]
[BlackElo "2550"]
[EventDate "1973.06.12"]
[PlyCount "151"]

1.c4 c5 2.Nf3 b6 3.Nc3 Bb7 4.e4 d6 5.d4 cxd4 6.Nxd4 Nf6 7.f3 e6 8.Be2 Be7 
9.O-O O-O 10.Be3 Nbd7 11.Rc1 Re8 12.Qd2 a6 13.Rfd1 Rc8 14.Bf1 Rc7 15.Qf2 
Qb8 16.Nb3 Bc6 17.Bf4 Rcc8 18.Kh1 Rcd8 19.Rd2 Nc5 20.Nd4 Ba8 21.Be3 Rc8 
22.Rdc2 g6 23.b4 Ncd7 24.Nb3 d5 25.cxd5 exd5 26.Bxa6 Rcd8 27.exd5 Bd6 28.
Nd2 Bxh2 29.Nf1 Bd6 30.Nb5 Nxd5 31.Bg5 f6 32.Bd2 Bxb4 33.Nc3 Bc5 34.Qh4 
Nb4 35.Bc4+ Kh8 36.Rb2 Re5 37.Ng3 Rde8 38.Nce4 Bxe4 39.fxe4 Nc6 40.Bf4 Qd8
41.Bxe5 Ndxe5 42.Rd2 Qe7 43.Nf1 Nxc4 44.Rxc4 Ne5 45.Rc1 h5 46.Rcd1 Qe6 47.
Nh2 Kg7 48.Qg3 Re7 49.Rd5 Ra7 50.Qb3 Ng4 51.Nxg4 Qxg4 52.Rd8 Qh4+ 53.Qh3 
Qxe4 54.R1d7+ Rxd7 55.Qxd7+ Kh6 56.Qd2+ Be3 57.Qe1 f5 58.a3 f4 59.Qb4 Qe5 
60.Qf8+ Kg5 61.Rd1 Kh4 62.Qc8 Qb2 63.a4 Qe2 64.Qd7 Qc2 65.Kh2 Bf2 66.Rd5 
Bg3+ 67.Kh1 Qc1+ 68.Rd1 Qe3 69.Qh3+ Kg5 70.Qc8 Kh4 71.Qh3+ Kg5 72.Qc8 Qb3 
73.Qd8+ Kg4 74.Qd3 Qxd3 75.Rxd3 Bf2 76.Rd5 1/2-1/2

[Event "AVRO it"]
[Site "Hilversum NED"]
[Date "1973.??.??"]
[Round "14"]
[White "Sax, Gyula"]
[Black "Geller, Efim"]
[Result "1/2-1/2"]
[WhiteElo "2445"]
[BlackElo "2590"]
[EventDate "1973.06.12"]
[PlyCount "31"]

1.e4 e5 2.Nf3 Nc6 3.Bb5 a6 4.Ba4 Nf6 5.d4 exd4 6.O-O Be7 7.Re1 b5 8.e5 
Nxe5 9.Rxe5 d6 10.Re1 bxa4 11.Nxd4 Bd7 12.Qf3 O-O 13.Nc6 Bxc6 14.Qxc6 Re8 
15.Qxa4 Bf8 16.Rxe8 1/2-1/2

[Event "AVRO it"]
[Site "Hilversum NED"]
[Date "1973.??.??"]
[Round "14"]
[White "Timman, Jan"]
[Black "Ivkov, Borislav"]
[Result "1/2-1/2"]
[WhiteElo "2480"]
[BlackElo "2520"]
[EventDate "1973.06.12"]
[PlyCount "51"]

1.e4 e5 2.Nf3 Nc6 3.Bb5 a6 4.Ba4 d6 5.c3 Bd7 6.d4 Nge7 7.O-O Ng6 8.Nbd2 
Be7 9.Re1 h6 10.Nf1 Nh4 11.Nxh4 Bxh4 12.Ne3 Bg5 13.dxe5 dxe5 14.Qh5 Bxe3 
15.Bxe3 Qf6 16.Rad1 O-O-O 17.Rd5 Rhe8 18.Red1 Be6 19.Bxc6 bxc6 20.Rc5 Qg6 
21.Rxd8+ Rxd8 22.Qe2 Bh3 23.Qxa6+ Kd7 24.Qf1 Kc8 25.Qa6+ Kd7 26.Qf1 
1/2-1/2